Introductory circuit analysis (Record no. 2846)

000 -LEADER
fixed length control field 00538nam a2200205 a 4500
001 - CONTROL NUMBER
control field 2846
003 - CONTROL NUMBER IDENTIFIER
control field BD-DhUET
008 - FIXED-LENGTH DATA ELEMENTS--GENERAL INFORMATION
fixed length control field 870909s1987 ohua 001 0 eng
020 ## - INTERNATIONAL STANDARD BOOK NUMBER
International Standard Book Number 0675211816
040 ## - CATALOGING SOURCE
Original cataloging agency DLC
Transcribing agency DLC
Modifying agency BD-DhUET
082 00 - DEWEY DECIMAL CLASSIFICATION NUMBER
Classification number 623.01
Item number BOY/1990
100 1# - MAIN ENTRY--PERSONAL NAME
Personal name Boylestad, Robert L.
245 10 - TITLE STATEMENT
Title Introductory circuit analysis
250 ## - EDITION STATEMENT
Edition statement 6th ed.
260 ## - PUBLICATION, DISTRIBUTION, ETC. (IMPRINT)
Place of publication, distribution, etc. New York
Name of publisher, distributor, etc. Macmillan Publishing
Date of publication, distribution, etc. 1990
300 ## - PHYSICAL DESCRIPTION
Extent xiv, 1103 p.
Other physical details ill.
Dimensions 27 cm.
504 ## - BIBLIOGRAPHY, ETC. NOTE
Bibliography, etc Includes bibliographies
650 #0 - SUBJECT ADDED ENTRY--TOPICAL TERM
Topical term or geographic name as entry element Electric circuits
942 ## - ADDED ENTRY ELEMENTS (KOHA)
Koha item type General Book
Holdings
Damaged status Koha normalized classification for sorting Shelving location Koha full call number Sublocation or collection (holding branch) Source of classification or shelving scheme Not for loan Location (home branch) Koha date last seen Withdrawn status Koha issues (times borrowed) Koha date last borrowed Date acquired Copy number Lost status Koha item type Piece designation (barcode) Price effective from
 623_010000000000000_BOY_1990Circulation section623.01/BOY/1990Central Library, BUET  Central Library, BUET2022-08-23 62019-06-232015-01-261 General Book906802015-01-26
 623_010000000000000_BOY_1990Reading section623.01/BOY/1990Central Library, BUET  Central Library, BUET2015-07-01   2015-07-012 General Book906832015-07-01
 623_010000000000000_BOY_1990Reading section623.01/BOY/1990Central Library, BUET  Central Library, BUET2015-07-02   2015-07-023 Reading Item906822015-07-02
 623_010000000000000_BOY_1990Circulation section623.01/BOY/1990Central Library, BUET  Central Library, BUET2025-11-09 122025-08-031997-01-024 General Book906812022-01-16